top 30 najdrozszych Polskich miast - Statystyki

Ogólne statystyki
  • Ten quiz został rozwiązany 38 razy
  • Średni wynik to 23 z 30
Statystyki odpowiedzi
Hint Odpowiedź % Poprawnych
1 Warszawa
100%
5 Kraków
97%
2 Gdańsk
94%
7 Poznań
94%
16 Białystok
91%
3 Gdynia
91%
10 Katowice
91%
9 Lublin
91%
6 Wrocław
91%
14 Łódź
86%
11 Bydgoszcz
83%
26 Radom
83%
13 Rzeszów
83%
4 Sopot
83%
8 Szczecin
83%
25 Częstochowa
80%
12 Olsztyn
80%
15 Toruń
80%
18 Zielona Góra
74%
23 Gliwice
71%
17 Kielce
71%
19 Gorzów Wielkopolski
66%
20 Opole
66%
21 Zakopane
66%
27 Sosnowiec
63%
22 Bielsko-Biała
54%
30 Koszalin
54%
24 Zabrze
54%
29 Kalisz
43%
28 Tarnów
40%
Nie znaleziono quizów pasujących do podanych kryteriów
Rozkład punktacji
Procent ludzi z każdym wynikiem
Percentyl według liczby udzielonych odpowiedzi
Twoja historia wyników
Nie rozwiązałeś tego quizu